06529njm a2200613Ia 450000100060000000300090000600500170001500800410003204000130007304000130008610000110009910000180011010000380012824500340016625000110020026000110021126000320022230000100025430000290026450000780029350510990037151103240147051102070179451100820200151100430208351100840212651102430221051102270245351102130268051101980289351101980309151101670328951103220345651103220377851103350410065000460443570001600448170000860464170000840472770000910481170000760490270000820497870000700506070000760513070000820520670000830528870000630537170000940543470000780552870000660560670000850567270000740575770000840583125688IT-RoPAU20220918181122.0131025s9999 xx 000 0 und d aIT-RoPAU cIT-RoPAU aAA.VV. eAutore musica gCodice autore musica SPICS: 12000 aClassico Coleman Hawkins (Il) a2a ed. aMILANO bMUSICA JAZZc1983 [1a Ed.:] aDISCO c47 minuti (Testo: pag.) aMusica jazz. Disco fuori commercio allegato al n. 4 1983 di "Musica jazz" aQueer Notions [(New York, 18 agosto 1933) (Henderson Fletcher) (3:00)] - Jamaica Shout [(New York, 29 settembre 1933) (Hawkins Coleman) (3:00)] - Lady Be Good [(Londra, 18 novembre 1934) (Hawkins Coleman) (3:00)] - Honeysuckle Rose [(Londra, 18 novembre 1934) (Hawkins Coleman) (4:00)] - Lost in a Fog [(Londra, 18 novembre 1934) (Hawkins Coleman) (4:00)] - Lullaby [(Londra, 18 novembre 1934) (Hawkins Coleman) (3:00)] - Netcha's Dream [(Laren, Olanda, 26 agosto 1935) (Bulterman Jack) (3:00)] - Consolation [(Laren, 26 aprile 1937) (Hawkins Coleman) (3:00)] - Body and Soul (New York, 11 ottobre 1939) (Hawkins Coleman) (3:00)] - Body and Soul [(New York, 11 ottobre 1939) (Hawkins Coleman) (4:00)] - My Blue Heaven [(New York, 3 gennaio 1940) (Hawkins Coleman) (3:00)] - Bouncing With Bean [(New York, 3 gennaio 1940) (Hawkins Coleman) (4:00)] - I Surrender Dear [(New York, 25 maggio 1940) (Hawkins Coleman) (5:00)] - Passin' It Around [(New York, 9 agosto 1940) (4:00)] - Rocky Comfort [(New York, 9 agosto 1940) (4:00)] - Feedin' the Bean [(Chicago, 10 aprile 1941) (Basie Count) (4:00)] aAllen Henry: tr; Stark Bobby: tr; Smith Russell: tr; Wells Dicky: trne; Williams Sandy: trne; Procope Russell: sax alto, cl; Jefferson Hilton: alto; Hawkins Coleman: sax, ten; Henderson Fletcher: p; Addison Bernard: chit; Kirby John: cb; Johnson Walter: batt; Henderson Horace: arr; Fletcher Henderson and his Orchestra aAllen Henry: tr; Higginbotham J.C.: trne; Jefferson Hilton: alto; Hawkins Coleman: ten; Henderson Horace: p; Addison Bernard: chit; Kirby John: cb Johnson Walter: batt; Coleman Hawkins and his Orchestra aHawkins Coleman: ten; Black Stanley: p; Harris Albert: chit; Winters Tiny: cb aHawkins Coleman: ten; Black Stanley: p aHawkins Coleman: ten; Black Stanley: p; Harris Albert: chit; Winters Tiny: batt aBulterman Jack: tr; Helvoirt George Van: tr; Thieleman Marcel: trne; Hawkins Coleman: ten e intr voc; Poppink Wim: alto, cl; Van Der Ouderaa André: ten, cl; De Rooy Nico: p; Pet Jacques: chit; Diepenbroek Toon: cb; Kranenburg Kees: batt aHawkins Coleman: ten; Bulterman Jack: tr; Van Helvoirt George: tr; Thielemans Marcel: trne; Poppink Wim: alto; Doorf Sal: alto; Van Der Ouderaa André: ten, cl; Reinders Frits: chit; Pet Jacques: cb; Kranenburg Kees: batt aLindsay Tommy: tr; Guy Joe: tr; Hardy Earl: trne; Fields Jackie: alto; Moore Eustis: alto; Hawkins Coleman: ten; Rodgers Gene: p; Smith Williams O.: cb; Herbert Arthur: batt; Coleman Hawkins and his Orchestra aCarter Benny: tr; Higginbotham J.C.: trne; Polo Danny: cl; Hawkins Coleman: ten; Rodgers Gene: p; Lucie Lawrence: chit; Williams Johnny: cb; Johnson Walter: batt; Coleman Hawkins All Star Octet aCarter Benny: tr; Higginbotham J.C.: trne; Polo Danny: cl; Hawkins Coleman: ten; Rodgers Gene: p; Lucie Lawrence: chit; Williams Johnny: cb; Johnson Walter: batt; Coleman Hawkins All Star Octet aEldridge Roy: tr; Carter Benny: alto; Hawkins Coleman: ten; Addison Bernard: chit; Kirby John: cb; Catlett Sidney: batt; Coleman Hawkins and the Chocolate Dandies aStevenson Tommy: tr; Guy Joe: tr; Lindsay Tommy: tr; Bryant Nelson: tr; Cato Willimam: trne; Williams Sandy: trne; Jones Claude: trne; Moore Eustis: saxes; Fields Jackie: saxes; Powell Ernie: saxes; Scott Kermit: saxes; Hawkins Coleman: ten, arr; Rodgers Gene: p; Fields Gene: chit; Taylor Billy: cb; Heard J.C.: batt aStevenson Tommy: tr; Guy Joe: tr; Lindsay Tommy: tr; Bryant Nelson: tr; Cato William: trne; Williams Sandy: trne; Jones Claude: trne; Moore Eustis: saxes; Fields Jackie: saxes; Powell Ernie: saxes; Scott Kermit: saxes; Hawkins Coleman: ten e arr; Rodgers Gene: p; Fields Gene: chit; Taylor Billy: cb; Heard J.C.: batt aClayton Buck: tr; Lewis Ed: tr; Edison Harry: tr; Killian Al: tr; Cuffee Ed: trne; Wells Dicky: trne; Minor Dan: trne; Warren Earl: alto; Smith Tab: alto; Hawkins Coleman: ten; Byas Don: ten; Tate Buddy: ten; Washington Jack: bar; Basie Count: p; Green Freddie: chit; Page Walter: cb; Jones Jo: batt; Count Basie and his Orchestra aJAZZ [DISCHI]eCodice MATERIA SPICS: 9950 aHawkins ColemandCodice autore musica SPICS: 16098eAutore musicapQueer Notions - Netcha's Dream - Bouncing With Bean - Passin' It Around - Rocky Comfort aHenderson HoracedCodice autore musica SPICS: 10667eAutore musicapJamaica Shout aGershwin GeorgedCodice autore musica SPICS: 10668eAutore musicapLady Be Good aWaller Thomas FatsdCodice autore musica SPICS: 15948eAutore musicapHoneysuckle Rose aRazaf AndydCodice autore SPICS: 10573eAutore musicapHoneysuckle Rose aMcHugh JimmydCodice autore musica SPICS: 16297eAutore musicapLost in a Fog aFields DorothydCodice autore SPICS: 15865eAutorepLost in a Fog aBlack StanleydCodice autore musica SPICS: 7893eAutore musicapLullaby aBulterman JackdCodice autore musica SPICS: 16337eAutore musicapConsolation aHeyman EdwarddCodice autore musica SPICS: 15566eAutore musicapBody and Soul aSour R.dCodice autore SPICS: 20664eAutorepBody and Soul aGreen JohnnydCodice autore testo/musica SPICS: 27860eAutore testo/musicapBody and Soul aWhitingdCodice autore musica SPICS: 16001eAutore musicapMy Blue Heaven aDonaldsondCodice autore SPICS: 14426eAutorepMy Blue Heaven aBarris HarrydCodice autore musica SPICS: 18863eAutore musicapI Surrender Dear aClifford GordondCodice autore SPICS: 22913eAutorepI Surrender Dear aBasie CountdCodice autore musica SPICS: 10545eAutore musicapFeedin' the Bean